[Event "Sant Adria de Besos op-A 5th"]
[Site "Sant Adria de Besos"]
[Date "2023.08.11"]
[Round "1"]
[White "Pinyol I Llora, Julia"]
[Black "Domenech Vallejos, Josep Lluis"]
[Result "0-1"]
[WhiteElo "1862"]
[BlackElo "2055"]
[PlyCount "126"]
[EventDate "2023.08.11"]
[EventType "swiss"]
[EventRounds "9"]
[EventCountry "ESP"]
[SourceTitle "EXT 2024"]
[Source "ChessBase"]
[SourceDate "2023.10.10"]
[SourceVersion "1"]
[SourceVersionDate "2023.10.10"]
[SourceQuality "1"]

1. d4 Nf6 2. c4 c5 3. d5 b5 4. cxb5 a6 5. e3 e6 6. Nc3 exd5 7. Nxd5 Bb7 8. Nc3 Be7 9. Nf3 0-0 10. Be2 d5 11. 0-0 axb5 12. Nxb5 Ne4 13. Nd2 Ng5 14. Qc2 Nc6 15. b3 d4 16. exd4 cxd4 17. Qb1 Nb4 18. Bd3 Qd5 19. f3 Rfc8 20. Bb2 Nxd3 21. Qxd3 Ne6 22. Kh1 Nf4 23. Qxd4 Qg5 24. Qxg7+ Qxg7 25. Bxg7 Kxg7 26. Nc4 Bf6 27. Nb6 Bxa1 28. Nxa8 Bf6 29. Nb6 Rc2 30. Nd6 Ba6 31. Nbc4 Rxa2 32. g3 Nd3 33. Ne8+ Kg6 34. h4 Bd4 35. g4 Nf2+ 36. Kg2 Nxg4+ 37. Kh3 Ne3 38. Rg1+ Kh6 39. Ned6 Bxc4 40. bxc4 Ra7 41. Re1 Rd7 42. Rxe3 Rxd6 43. Re7 Kg7 44. h5 Bf6 45. Rc7 Rd4 46. h6+ Kg6 47. c5 Rh4+ 48. Kg2 Rxh6 49. f4 Rh5 50. c6 Rc5 51. Rc8 Kf5 52. c7 Kxf4 53. Kh3 Rc3+ 54. Kh2 Be5 55. Kh1 Rxc7 56. Ra8 f5 57. Ra4+ Kg5 58. Ra2 Rc4 59. Rg2+ Rg4 60. Rf2 Rh4+ 61. Kg2 Rh2+ 62. Kf3 Rxf2+ 63. Kxf2 Kg4 0-1

[Event "Sant Adria de Besos op"]
[Site "Sant Adria de Besos"]
[Date "2022.08.17"]
[Round "8"]
[White "Domenech Vallejos, Josep Lluis"]
[Black "Krishnan, Ritvik"]
[Result "0-1"]
[WhiteElo "2055"]
[BlackElo "1968"]
[PlyCount "86"]
[EventDate "2022.08.11"]
[EventType "swiss"]
[EventRounds "9"]
[EventCountry "ESP"]
[SourceTitle "CBM 209 Extra"]
[Source "ChessBase"]
[SourceDate "2022.09.30"]
[SourceVersion "1"]
[SourceVersionDate "2022.09.30"]
[SourceQuality "1"]

1. Nf3 c5 2. g3 g6 3. Bg2 Bg7 4. c4 Nc6 5. Nc3 e6 6. a3 Nge7 7. b4 Nxb4 8. axb4 cxb4 9. d4 bxc3 10. Qb3 0-0 11. Qxc3 d5 12. Ba3 Bd7 13. 0-0 Rc8 14. c5 Nc6 15. e3 Qc7 16. Rfb1 Ra8 17. Qb3 Rfb8 18. Bf1 Bf8 19. Rc1 Qd8 20. Qc3 Rc8 21. Qb3 Rab8 22. Qd1 b5 23. cxb6 axb6 24. Bxf8 Kxf8 25. Ba6 Rc7 26. Rcb1 f6 27. Bb5 Na5 28. Qa4 Bxb5 29. Qxb5 Nc4 30. Kf1 Nd6 31. Qa6 Rc2 32. Qa7 Rb7 33. Qa6 Qc7 34. Kg2 b5 35. Ne1 Rc3 36. Qa8+ Rb8 37. Qa6 Kg7 38. h4 Rb7 39. Rb4 Rc6 40. Qa8 Ne4 41. Nd3 Rc2 42. Ra6 Qxg3+ 43. Kf1 Rxf2+ 0-1

[Event "Foment Martinenc op-A 15th"]
[Site "Barcelona"]
[Date "2013.06.01"]
[Round "7"]
[White "Cervello Tost, Ferran"]
[Black "Domenech Vallejos, Josep Lluis"]
[Result "1/2-1/2"]
[WhiteElo "2027"]
[BlackElo "2095"]
[PlyCount "48"]
[EventDate "2013.04.20"]
[EventType "swiss"]
[EventRounds "9"]
[EventCountry "ESP"]
[SourceTitle "CBM 154 Extra"]
[Source "ChessBase"]
[SourceDate "2013.06.25"]
[SourceVersion "2"]
[SourceVersionDate "2013.06.25"]
[SourceQuality "1"]

1. d4 Nf6 2. g3 c5 3. Bg2 cxd4 4. Qxd4 Nc6 5. Qd1 g6 6. Nf3 Bg7 7. 0-0 d5 8. c3 0-0 9. Bf4 Qb6 10. Qb3 Qxb3 11. axb3 Bf5 12. Nbd2 Rfd8 13. Ne5 Nxe5 14. Bxe5 a6 15. Bxf6 Bxf6 16. e4 dxe4 17. Nxe4 Bxe4 18. Bxe4 Rd2 19. Rab1 Rad8 20. Bxb7 Rb8 21. Bxa6 Rxb3 22. c4 Bd4 23. Kg2 Kg7 24. Bb5 Kf6 1/2-1/2

[Event "Foment Martinenc op-A 15th"]
[Site "Barcelona"]
[Date "2013.05.04"]
[Round "3"]
[White "Domenech Vallejos, Josep Lluis"]
[Black "Vehi Bach, Victor Manuel"]
[Result "1/2-1/2"]
[WhiteElo "2095"]
[BlackElo "2309"]
[PlyCount "64"]
[EventDate "2013.04.20"]
[EventType "swiss"]
[EventRounds "9"]
[EventCountry "ESP"]
[SourceTitle "CBM 154 Extra"]
[Source "ChessBase"]
[SourceDate "2013.06.25"]
[SourceVersion "2"]
[SourceVersionDate "2013.06.25"]
[SourceQuality "1"]

1. b4 e5 2. Bb2 Bxb4 3. Bxe5 Nf6 4. c4 0-0 5. a3 Be7 6. Nf3 d5 7. e3 c5 8. cxd5 Nxd5 9. Nc3 Nc6 10. Nxd5 Nxe5 11. Nxe7+ Qxe7 12. Nxe5 Qxe5 13. Be2 Bf5 14. 0-0 Rad8 15. d3 Rd6 16. Qc2 b6 17. a4 Bc8 18. Rfc1 Bb7 19. a5 Rg6 20. g3 h5 21. Qc4 Bd5 22. Qh4 Rh6 23. axb6 axb6 24. d4 cxd4 25. Qxd4 Qxd4 26. exd4 h4 27. Bc4 Rd8 28. Rab1 Be4 29. Rb4 Kf8 30. Bf1 hxg3 31. fxg3 Rhd6 32. Rd1 Bf3 1/2-1/2

[Event "Alella op 5th"]
[Site "Alella"]
[Date "2008.08.21"]
[Round "6"]
[White "Maza Navarro, Llorens"]
[Black "Domenech Vallejos, Josep Lluis"]
[Result "1-0"]
[WhiteElo "1441"]
[BlackElo "2079"]
[PlyCount "45"]
[EventDate "2008.08.16"]
[EventType "swiss"]
[EventRounds "9"]
[EventCountry "ESP"]
[SourceTitle "EXT 2009"]
[Source "ChessBase"]
[SourceDate "2008.11.26"]
[SourceVersion "1"]
[SourceVersionDate "2008.11.26"]
[SourceQuality "1"]

1. b3 e5 2. Bb2 Nc6 3. e3 d5 4. Bb5 Bd6 5. f4 exf4 6. Bxg7 Qh4+ 7. Kf1 fxe3 8. dxe3 Bc5 9. Bxh8 Bxe3 10. Qe2 Qf4+ 11. Nf3 Bg4 12. Bxc6+ bxc6 13. Bd4 Qxd4 14. Nxd4 Bxe2+ 15. Nxe2 Nf6 16. Nbc3 Ng4 17. h3 Nf2 18. Rh2 Bb6 19. Ne4 Be3 20. N2c3 Bf4 21. g3 Be3 22. Re1 d4 23. Rxf2 1-0

[Event "Alella op 5th"]
[Site "Alella"]
[Date "2008.08.20"]
[Round "5"]
[White "Serentill Tost, Eduard"]
[Black "Domenech Vallejos, Josep Lluis"]
[Result "0-1"]
[WhiteElo "1725"]
[BlackElo "2079"]
[PlyCount "51"]
[EventDate "2008.08.16"]
[EventType "swiss"]
[EventRounds "9"]
[EventCountry "ESP"]
[SourceTitle "EXT 2009"]
[Source "ChessBase"]
[SourceDate "2008.11.26"]
[SourceVersion "1"]
[SourceVersionDate "2008.11.26"]
[SourceQuality "1"]

1. e4 c5 2. Nf3 d6 3. d4 cxd4 4. Nxd4 Nf6 5. Nc3 a6 6. Be3 e6 7. Be2 Nbd7 8. Qd2 b5 9. Bf3 Bb7 10. Bg5 Be7 11. Qe3 Ne5 12. 0-0-0 Nc4 13. Qe1 Nd7 14. Bxe7 Qxe7 15. Nce2 Nc5 16. Ng3 0-0 17. h4 Rac8 18. Bg4 Ne5 19. Qe2 Rfd8 20. Kb1 Na4 21. Bh3 Rc4 22. f4 Nc6 23. Nxc6 Bxc6 24. Rde1 Rb4 25. Ka1 Rxb2 26. Rb1 0-1

[Event "Barceloneta op"]
[Site "Barcelona"]
[Date "2001.10.27"]
[Round "5"]
[White "Ritter Aguilar, Jordi"]
[Black "Domenech Vallejos, Josep Lluis"]
[Result "1/2-1/2"]
[WhiteElo "2117"]
[BlackElo "2160"]
[PlyCount "74"]
[EventDate "2001.09.29"]
[EventType "swiss"]
[EventRounds "9"]
[EventCountry "ESP"]
[SourceTitle "CBM 085 Extra"]
[Source "ChessBase"]
[SourceDate "2002.01.21"]
[SourceVersion "1"]
[SourceVersionDate "2002.01.21"]
[SourceQuality "1"]

1. e4 c5 2. c3 d6 3. d4 Nf6 4. dxc5 Nc6 5. Bd3 dxc5 6. f4 c4 7. Bc2 Qxd1+ 8. Kxd1 Bg4+ 9. Ke1 Rd8 10. h3 Bd7 11. Nf3 e6 12. Be3 b5 13. Nbd2 Be7 14. Kf2 0-0 15. b3 b4 16. Nxc4 bxc3 17. a3 Bc8 18. Rhd1 Bb7 19. b4 a6 20. Bc5 a5 21. Bxe7 Nxe7 22. e5 Ne4+ 23. Bxe4 Bxe4 24. Nd6 Bg6 25. Nd4 axb4 26. axb4 Nd5 27. Nc6 Ra8 28. Kf3 f6 29. Rxa8 Rxa8 30. f5 c2 31. Rc1 exf5 32. Rxc2 fxe5 33. Nxe5 Nxb4 34. Rc5 Kf8 35. Kf4 Rd8 36. Nxf5 Bxf5 37. Kxf5 Nd3 1/2-1/2

[Event "Barcelona La Lira op"]
[Site "Barcelona"]
[Date "1995.??.??"]
[Round "7"]
[White "Domenech Vallejos, Josep Lluis"]
[Black "Aracil Campoy, Manel"]
[Result "0-1"]
[WhiteElo "2065"]
[BlackElo "2025"]
[PlyCount "84"]
[EventDate "1995.04.??"]
[EventType "swiss"]
[EventRounds "9"]
[EventCountry "ESP"]
[SourceTitle "EXT 2003"]
[Source "ChessBase"]
[SourceDate "2002.11.25"]
[SourceVersion "1"]
[SourceVersionDate "2002.11.25"]
[SourceQuality "1"]

1. Nf3 d5 2. g3 Nf6 3. Bg2 c5 4. c4 d4 5. b4 Nc6 6. b5 Nb8 7. d3 Nbd7 8. 0-0 e5 9. Nbd2 Bd6 10. a4 a6 11. Bb2 0-0 12. Qc2 Nh5 13. e3 f5 14. exd4 exd4 15. Rfe1 Qc7 16. Ng5 Ndf6 17. Ne6 Bxe6 18. Rxe6 Ng4 19. Rae1 Nhf6 20. Nf3 f4 21. Bc1 fxg3 22. hxg3 h6 23. Qe2 axb5 24. axb5 Ra1 25. Bd2 Ra2 26. Qd1 Nxf2 27. Kxf2 Ng4+ 28. Kg1 Bxg3 29. R1e2 Bh2+ 30. Kh1 Qf7 31. Qe1 Qh5 32. Qh4 Ra1+ 33. Be1 Qxh4 34. Nxh4 Bg3 35. Ng6 Rf6 36. Re8+ Kh7 37. Be4 Nf2+ 38. Kg2 Nxe4 39. R8xe4 Bxe1 40. Nf4 Ba5 41. Nd5 Rf7 42. Re7 Raf1 0-1

[Event "Barcelona La Lira op"]
[Site "Barcelona"]
[Date "1995.??.??"]
[Round "9"]
[White "Domenech Vallejos, Josep Lluis"]
[Black "Cabrera Marmol, Manel"]
[Result "1-0"]
[WhiteElo "2065"]
[BlackElo "2105"]
[PlyCount "53"]
[EventDate "1995.04.??"]
[EventType "swiss"]
[EventRounds "9"]
[EventCountry "ESP"]
[SourceTitle "EXT 2003"]
[Source "ChessBase"]
[SourceDate "2002.11.25"]
[SourceVersion "1"]
[SourceVersionDate "2002.11.25"]
[SourceQuality "1"]

1. Nf3 Nf6 2. g3 Nc6 3. c4 e5 4. Nc3 d5 5. cxd5 Nxd5 6. Bg2 Nxc3 7. bxc3 e4 8. Ng1 f5 9. Nh3 Bd6 10. Qb3 Na5 11. Qa4+ c6 12. 0-0 0-0 13. d3 b5 14. Qc2 exd3 15. exd3 Bb7 16. a4 a6 17. Nf4 Qf6 18. axb5 axb5 19. Be3 c5 20. Rxa5 Bxg2 21. Qa2+ Qf7 22. Ra1 Bf3 23. Rxa8 Rxa8 24. Qxa8+ Bxa8 25. Rxa8+ Qf8 26. Rxf8+ Kxf8 27. Bxc5 1-0

[Event "Barcelona La Lira op"]
[Site "Barcelona"]
[Date "1995.??.??"]
[Round "2"]
[White "Domenech Vallejos, Josep Lluis"]
[Black "Garzon Sanchez, Jose Manuel"]
[Result "0-1"]
[WhiteElo "2065"]
[BlackElo "2150"]
[PlyCount "74"]
[EventDate "1995.04.??"]
[EventType "swiss"]
[EventRounds "9"]
[EventCountry "ESP"]
[SourceTitle "EXT 2003"]
[Source "ChessBase"]
[SourceDate "2002.11.25"]
[SourceVersion "1"]
[SourceVersionDate "2002.11.25"]
[SourceQuality "1"]

1. Nf3 Nf6 2. g3 Nc6 3. c4 b6 4. Bg2 Bb7 5. Nc3 Ne5 6. b3 Qc8 7. Nd5 Nxd5 8. Nxe5 Ne3 9. dxe3 Bxg2 10. Rg1 Bb7 11. Bb2 f6 12. Nf3 e5 13. Qc2 Bc6 14. 0-0-0 Qb7 15. Nd2 Bc5 16. g4 0-0-0 17. g5 fxg5 18. Rxg5 Rhf8 19. f3 Bxe3 20. Rxg7 e4 21. Qc3 Bxd2+ 22. Qxd2 exf3 23. exf3 Bxf3 24. Re1 Be4 25. Qd4 Bg6 26. Rge7 Qg2 27. R7e2 Qg5+ 28. Qd2 Qf5 29. Qc3 Qh5 30. Qe5 Rf5 31. Qg3 Rf3 32. Qe5 Qh6+ 33. Re3 Kb8 34. Kd2 Re8 35. Qd4 Rfxe3 36. Rxe3 Qxh2+ 37. Kc3 Qc2+ 0-1

[Event "Barcelona La Lira op"]
[Site "Barcelona"]
[Date "1995.??.??"]
[Round "6"]
[White "Namay Caceres, Santos"]
[Black "Domenech Vallejos, Josep Lluis"]
[Result "1-0"]
[WhiteElo "2235"]
[BlackElo "2065"]
[PlyCount "81"]
[EventDate "1995.04.??"]
[EventType "swiss"]
[EventRounds "9"]
[EventCountry "ESP"]
[SourceTitle "EXT 2003"]
[Source "ChessBase"]
[SourceDate "2002.11.25"]
[SourceVersion "1"]
[SourceVersionDate "2002.11.25"]
[SourceQuality "1"]

1. d4 Nf6 2. Nf3 c5 3. d5 a6 4. g3 d6 5. Bg2 b5 6. a4 Bb7 7. axb5 axb5 8. Rxa8 Bxa8 9. c4 bxc4 10. Nc3 g6 11. 0-0 Bg7 12. Nd2 0-0 13. Nxc4 Nbd7 14. e4 Nb6 15. Ne3 Bb7 16. Bd2 Ba6 17. Re1 Qc7 18. Qb3 Rb8 19. Qc2 Nfd7 20. Ra1 Qb7 21. Ncd1 Ne5 22. Bc3 Nd3 23. Bxg7 Kxg7 24. Qc3+ f6 25. h4 Nd7 26. h5 Bb5 27. Qa5 N7e5 28. Qd2 Ra8 29. Rxa8 Qxa8 30. Nc3 Qa1+ 31. Kh2 Ba6 32. h6+ Kf7 33. Ncd1 Nb4 34. f4 Ned3 35. Qc3 Bb5 36. Bf1 Qb1 37. e5 Nxd5 38. Qb3 e6 39. Qxb5 Ne1 40. Qe2 Nxe3 41. Nxe3 1-0